Diferenciácia mestského spoločenstva v každodennom živote

Bibliographic Details
Other Authors: Salner, Peter, 1951- (Compiler), Beňušková, Zuzana, 1960- (Compiler)
Format: Book
Language:Slovak
PhysicalDescription:237 s. ilustr. 21 cm
Published: Bratislava Ústav etnológie SAV 1999
Subjects:

MARC

LEADER 00000cam a2200000 a 4500
001 vtls001380403
003 SK-MaSNL
005 20260301161352.0
008 240226s1999 xo aa fr 100 0 slo
015 |a SNBA2000/03-00807 
035 |a SNK000334395 
035 |a urn:nbn:sk:snk-amkkir 
035 |a urn:nbn:sk:snk-am003qtx 
035 |a 895597AD-FF52-4383-92A3-515570A9B4B5 
040 |a SNK  |b slo  |c SNK  |e AACR2 
041 0 |a slo 
044 |a xo  |c SK 
080 |a 911.375(082)=854=850=84  |2 1981 
080 |a 711.48(082)=854=850=84  |2 1981 
245 0 0 |a Diferenciácia mestského spoločenstva v každodennom živote  |c zostavili Peter Salner a Zuzana Beňušková 
260 |a Bratislava  |b Ústav etnológie SAV  |c 1999 
300 |a 237 s.  |b ilustr.  |c 21 cm 
500 |a Čiast. text poľ. a čes. 
504 |a Bibliogr. odkazy 
650 0 7 |a mestá  |x kvalita života  |x zborníky  |2 SNK  |9 524285 
655 7 |a zborníky konferencií  |2 SNKPH  |9 70153 
700 1 |a Salner, Peter,  |d 1951-  |4 com  |9 100837 
700 1 |a Beňušková, Zuzana,  |d 1960-  |4 com  |9 132377 
958 |a OND 
958 |a TL 
958 |a NB 
999 |c 809155  |d 811085 
952 |t P60, <03>, [BOOK], {603}  |a SNK  |b SNK  |y PREZ  |7 0  |p 17A0224127  |o snkSC 100503  |i snkKSP 360/2000  |0 0  |1 0  |4 0  |d 2000-01-11  |f 1  |l 0  |r 2025-09-19 00:00:00  |w 2026-02-24 
952 |t P60, <04>, [BOOK], {604}  |a SNK  |b SNK  |y VYP  |7 0  |p 17A0224126  |o snkSC 100503 D1  |i snkKSP 361/2000  |0 0  |1 0  |4 0  |d 2000-01-11  |l 0  |r 2005-01-02 00:00:00  |w 2026-02-24